Modern control engineering. (Record no. 69788)

000 -LEADER
fixed length control field 00431nam a22001697a 4500
003 - CONTROL NUMBER IDENTIFIER
control field NUST - PNEC
005 - DATE AND TIME OF LATEST TRANSACTION
control field 20170116181127.0
008 - FIXED-LENGTH DATA ELEMENTS--GENERAL INFORMATION
fixed length control field 151006b xxu||||| |||| 00| 0 eng d
020 ## - INTERNATIONAL STANDARD BOOK NUMBER
International Standard Book Number 8178085798
040 ## - CATALOGING SOURCE
Transcribing agency LIBRARY
082 ## - DEWEY DECIMAL CLASSIFICATION NUMBER
Classification number 629.8 OGA
100 ## - MAIN ENTRY--PERSONAL NAME
9 (RLIN) 13726
Personal name Ogata, Katsuhiko
245 ## - TITLE STATEMENT
Title Modern control engineering.
Statement of responsibility, etc. Katsuhiko,Ogata
250 ## - EDITION STATEMENT
Edition statement 4th ed
650 ## - SUBJECT ADDED ENTRY--TOPICAL TERM
9 (RLIN) 13727
Topical term or geographic name entry element Automatic control
General subdivision ME
942 ## - ADDED ENTRY ELEMENTS (KOHA)
Source of classification or shelving scheme
Koha item type Book
Holdings
Withdrawn status Lost status Source of classification or shelving scheme Damaged status Not for loan Permanent Location Current Location Shelving location Date acquired Total Checkouts Full call number Barcode Date last seen Date last checked out Price effective from Koha item type
          Pakistan Navy Engineering College (PNEC) Pakistan Navy Engineering College (PNEC)   10/06/2015 2 629.8 OGA PNECLIB-026383 12/01/2016 12/01/2016   Book
          Pakistan Navy Engineering College (PNEC) Pakistan Navy Engineering College (PNEC)   10/06/2015 1 629.8 OGA PNECLIB-026545 09/22/2016 09/22/2016   Book
          Pakistan Navy Engineering College (PNEC) Pakistan Navy Engineering College (PNEC)     1 629.8 OGA PNECLIB-027283 04/08/2016 01/25/2016   Book
© 2023 Central Library, National University of Sciences and Technology. All Rights Reserved.